[Event "Turniej Blitza na II Lidze Juniorów 2018"]
[Site "Szczyrk, Poland"]
[Date "2018.07.26"]
[Round "5.11"]
[White "Luczak, Filip"]
[Black "Krzyzosiak, Anna"]
[Result "1-0"]
[TimeControl "3'+2\""]
[WhiteTitle "CM"]
[WhiteElo "1935"]
[BlackElo "1596"]

1. Nf3 {[%clk 00:03:03]} {[%emt 00:00:01]} d5 {[%clk 00:03:03]} {[%emt
00:00:01]} 2. g3 {[%clk 00:03:04]} {[%emt 00:00:01]} Nc6 {[%clk 00:03:03]}
{[%emt 00:00:02]} 3. d4 {[%clk 00:03:05]} Nf6 {[%clk 00:03:03]} {[%emt
00:00:02]} 4. Bg2 {[%clk 00:03:07]} Bf5 {[%clk 00:02:59]} {[%emt 00:00:07]} 5.
O-O {[%clk 00:03:05]} {[%emt 00:00:04]} e6 {[%clk 00:02:59]} {[%emt 00:00:02]}
6. c3 {[%clk 00:03:00]} {[%emt 00:00:07]} Bd6 {[%clk 00:02:59]} {[%emt
00:00:03]} 7. Nbd2 {[%clk 00:02:58]} {[%emt 00:00:03]} O-O {[%clk 00:02:57]}
{[%emt 00:00:04]} 8. Nh4 {[%clk 00:02:59]} {[%emt 00:00:01]} Bg6 {[%clk
00:02:57]} {[%emt 00:00:02]} 9. Nxg6 {[%clk 00:02:59]} {[%emt 00:00:02]} fxg6
{[%clk 00:02:57]} {[%emt 00:00:02]} 10. e4 {[%clk 00:02:59]} {[%emt 00:00:02]}
dxe4 {[%clk 00:02:55]} {[%emt 00:00:04]} 11. Nxe4 {[%clk 00:02:59]} {[%emt
00:00:02]} Nxe4 {[%clk 00:02:55]} {[%emt 00:00:01]} 12. Bxe4 {[%clk 00:03:00]}
Qd7 {[%clk 00:02:49]} {[%emt 00:00:09]} 13. Qg4 {[%clk 00:02:52]} {[%emt
00:00:09]} Ne7 {[%clk 00:02:33]} {[%emt 00:00:19]} 14. Bg5 {[%clk 00:02:33]}
{[%emt 00:00:21]} Nf5 {[%clk 00:02:30]} {[%emt 00:00:06]} 15. Rae1 {[%clk
00:02:17]} {[%emt 00:00:17]} c6 {[%clk 00:02:25]} {[%emt 00:00:07]} 16. Bc2
{[%clk 00:02:12]} {[%emt 00:00:06]} Rae8 {[%clk 00:02:23]} {[%emt 00:00:05]} 17.
Re2 {[%clk 00:01:29]} {[%emt 00:00:45]} e5 {[%clk 00:02:04]} {[%emt 00:00:21]}
18. dxe5 {[%clk 00:01:24]} {[%emt 00:00:07]} Bxe5 {[%clk 00:02:05]} {[%emt
00:00:02]} 19. Rfe1 {[%clk 00:01:25]} Bc7 {[%clk 00:01:23]} {[%emt 00:00:45]}
20. Rxe8 {[%clk 00:01:14]} {[%emt 00:00:11]} Rxe8 {[%clk 00:01:24]} {[%emt
00:00:02]} 21. Rxe8+ {[%clk 00:01:15]} {[%emt 00:00:01]} Qxe8 {[%clk 00:01:25]}
{[%emt 00:00:01]} 22. Bxf5 {[%clk 00:01:14]} {[%emt 00:00:03]} gxf5 {[%clk
00:01:25]} {[%emt 00:00:01]} 23. Qxf5 {[%clk 00:01:15]} {[%emt 00:00:02]} g6
{[%clk 00:01:22]} {[%emt 00:00:05]} 24. Qf3 {[%clk 00:00:49]} {[%emt 00:00:29]}
Bd8 {[%clk 00:01:04]} {[%emt 00:00:19]} 25. Be3 {[%clk 00:00:44]} {[%emt
00:00:06]} a6 {[%clk 00:01:02]} {[%emt 00:00:05]} 26. Qg4 {[%clk 00:00:38]}
{[%emt 00:00:07]} Bc7 {[%clk 00:01:00]} {[%emt 00:00:05]} 27. Qc4+ {[%clk
00:00:37]} {[%emt 00:00:03]} Qf7 {[%clk 00:00:52]} {[%emt 00:00:10]} 28. Qxf7+
{[%clk 00:00:36]} {[%emt 00:00:03]} Kxf7 {[%clk 00:00:53]} 29. Kg2 {[%clk
00:00:37]} Ke6 {[%clk 00:00:54]} {[%emt 00:00:02]} 30. Kf3 {[%clk 00:00:37]}
{[%emt 00:00:01]} Kf5 {[%clk 00:00:55]} {[%emt 00:00:01]} 31. g4+ {[%clk
00:00:38]} {[%emt 00:00:02]} Ke6 {[%clk 00:00:51]} {[%emt 00:00:05]} 32. Bf4
{[%clk 00:00:34]} {[%emt 00:00:06]} Bb6 {[%clk 00:00:49]} {[%emt 00:00:04]} 33.
Be3 {[%clk 00:00:34]} {[%emt 00:00:02]} Bc7 {[%clk 00:00:50]} {[%emt 00:00:01]}
34. h4 {[%clk 00:00:35]} Bd8 {[%clk 00:00:49]} {[%emt 00:00:04]} 35. Kg3 {[%clk
00:00:11]} {[%emt 00:00:26]} Bc7+ {[%clk 00:00:50]} 36. f4 {[%clk 00:00:12]}
{[%emt 00:00:01]} Bd8 {[%clk 00:00:49]} {[%emt 00:00:04]} 37. Bf2 {[%clk
00:00:12]} {[%emt 00:00:02]} Bc7 {[%clk 00:00:50]} 38. Kf3 {[%clk 00:00:13]}
Bd8 {[%clk 00:00:51]} {[%emt 00:00:01]} 39. Ke4 {[%clk 00:00:14]} {[%emt
00:00:01]} Bc7 {[%clk 00:00:50]} {[%emt 00:00:03]} 40. Bd4 {[%clk 00:00:14]}
{[%emt 00:00:03]} Bd8 {[%clk 00:00:50]} {[%emt 00:00:01]} 41. f5+ {[%clk
00:00:14]} {[%emt 00:00:05]} gxf5+ {[%clk 00:00:50]} 42. gxf5+ {[%clk
00:00:15]} Kf7 {[%clk 00:00:50]} {[%emt 00:00:02]} 43. h5 {[%clk 00:00:16]}
{[%emt 00:00:01]} Bg5 {[%clk 00:00:49]} {[%emt 00:00:04]} 44. Ke5 {[%clk
00:00:14]} {[%emt 00:00:03]} Be7 {[%clk 00:00:48]} {[%emt 00:00:03]} 45. Kf4
{[%clk 00:00:13]} {[%emt 00:00:02]} Bd8 {[%clk 00:00:48]} {[%emt 00:00:03]} 46.
Bf2 {[%clk 00:00:12]} {[%emt 00:00:02]} Be7 {[%clk 00:00:49]} {[%emt 00:00:02]}
47. Kg4 {[%clk 00:00:13]} {[%emt 00:00:01]} Bd8 {[%clk 00:00:50]} 48. Bh4
{[%clk 00:00:14]} {[%emt 00:00:01]} Bb6 {[%clk 00:00:34]} {[%emt 00:00:19]} 49.
f6 {[%clk 00:00:10]} {[%emt 00:00:05]} Bd8 {[%clk 00:00:32]} {[%emt 00:00:03]}
50. Kf5 {[%clk 00:00:11]} Bc7 {[%clk 00:00:33]} {[%emt 00:00:01]} 51. Bg5
{[%clk 00:00:11]} {[%emt 00:00:02]} Bb8 {[%clk 00:00:32]} {[%emt 00:00:03]} 52.
b4 {[%clk 00:00:09]} {[%emt 00:00:05]} Bc7 {[%clk 00:00:33]} 53. c4 {[%clk
00:00:10]} Bb8 {[%clk 00:00:33]} {[%emt 00:00:02]} 54. Be3 {[%clk 00:00:10]}
Bc7 {[%clk 00:00:34]} {[%emt 00:00:02]} 55. a4 {[%clk 00:00:11]} {[%emt
00:00:01]} Bd8 {[%clk 00:00:34]} {[%emt 00:00:02]} 56. Bd4 {[%clk 00:00:12]}
Bc7 {[%clk 00:00:35]} {[%emt 00:00:02]} 57. Kg5 {[%clk 00:00:12]} Bd8 {[%clk
00:00:24]} {[%emt 00:00:14]} 58. Be5 {[%clk 00:00:10]} {[%emt 00:00:04]} b6
{[%clk 00:00:22]} {[%emt 00:00:05]} 59. b5 {[%clk 00:00:07]} {[%emt 00:00:04]}
cxb5 {[%clk 00:00:17]} {[%emt 00:00:07]} 60. cxb5 {[%clk 00:00:08]} a5 {[%clk
00:00:14]} {[%emt 00:00:05]} 61. Bd4 {[%clk 00:00:06]} {[%emt 00:00:04]} Bc7
{[%clk 00:00:15]} {[%emt 00:00:01]} 62. Kh6 {[%clk 00:00:07]} {[%emt 00:00:01]}
Kg8 {[%clk 00:00:13]} {[%emt 00:00:04]} 63. Be3 {[%clk 00:00:07]} {[%emt
00:00:02]} Bd8 {[%clk 00:00:14]} {[%emt 00:00:01]} 64. Kg5 {[%clk 00:00:06]}
{[%emt 00:00:03]} Kf7 {[%clk 00:00:15]} {[%emt 00:00:01]} 65. Bd4 {[%clk
00:00:07]} Bc7 {[%clk 00:00:16]} {[%emt 00:00:02]} 66. Kf5 {[%clk 00:00:08]}
{[%emt 00:00:01]} Bd8 {[%clk 00:00:17]} 67. Be5 {[%clk 00:00:09]} {[%emt
00:00:01]} h6 {[%clk 00:00:16]} {[%emt 00:00:03]} 68. Bd4 {[%clk 00:00:08]}
{[%emt 00:00:02]} Bc7 {[%clk 00:00:17]} 69. Bc3 {[%clk 00:00:08]} {[%emt
00:00:02]} Bd8 {[%clk 00:00:17]} {[%emt 00:00:02]} 70. Be5 {[%clk 00:00:10]}
Kg8 {[%clk 00:00:16]} {[%emt 00:00:03]} 71. Kg6 {[%emt 00:00:02]} Kf8 {[%clk
00:00:16]} 72. Bd6+ {[%clk 00:00:10]} {[%emt 00:00:02]} Kg8 {[%clk 00:00:17]}
{[%emt 00:00:02]} 73. f7+ {[%clk 00:00:11]} Kh8 {[%clk 00:00:16]} {[%emt
00:00:03]} 74. f8=Q# {[%clk 00:00:11]} {[%emt 00:00:02]} 1-0

[Event "Turniej Blitza na II Lidze Juniorów 2018"]
[Site "Szczyrk, Poland"]
[Date "2018.07.26"]
[Round "5.64"]
[White "Szopa, Emilia"]
[Black "Pieczewska, Jadwiga"]
[Result "1-0"]
[TimeControl "3'+2\""]
[WhiteElo "1323"]
[BlackElo "1035"]

1. e4 {[%emt 00:01:47]} e6 {[%emt 00:00:01]} 2. d4 {[%emt 00:00:01]} d5 3. Nd2
{[%emt 00:00:04]} c5 {[%emt 00:00:01]} 4. dxc5 {[%emt 00:00:05]} Bxc5 {[%emt
00:00:02]} 5. exd5 {[%emt 00:00:01]} exd5 6. Bd3 {[%emt 00:00:03]} Nc6 {[%emt
00:00:02]} 7. Ngf3 {[%emt 00:00:03]} Nf6 {[%emt 00:00:02]} 8. O-O {[%emt
00:00:05]} Be6 {[%emt 00:00:01]} 9. c3 {[%emt 00:00:07]} O-O {[%emt 00:00:02]}
10. Ng5 {[%emt 00:00:06]} g6 {[%emt 00:00:10]} 11. Ndf3 {[%emt 00:00:07]} Bd6
{[%emt 00:00:20]} 12. Nxe6 {[%emt 00:00:10]} fxe6 {[%emt 00:00:06]} 13. Re1
{[%emt 00:00:01]} Qd7 {[%emt 00:00:04]} 14. Ng5 {[%emt 00:00:03]} Ne5 {[%emt
00:00:08]} 15. Bf4 {[%emt 00:00:12]} Nxd3 {[%emt 00:00:05]} 16. Bxd6 Nxe1
{[%emt 00:00:05]} 17. Bxf8 {[%emt 00:00:02]} Rxf8 {[%emt 00:00:06]} 18. Qxe1
Ng4 {[%emt 00:00:09]} 19. f3 {[%emt 00:00:04]} Nf6 {[%emt 00:00:06]} 20. Qxe6+
{[%emt 00:00:03]} Qxe6 {[%emt 00:00:03]} 21. Nxe6 Re8 {[%emt 00:00:03]} 22. Re1
{[%emt 00:00:03]} Kf7 {[%emt 00:00:08]} 23. Ng5+ {[%emt 00:00:04]} Kg7 {[%emt
00:00:03]} 24. Rxe8 {[%emt 00:00:10]} Nxe8 25. Ne6+ Kf6 {[%emt 00:00:03]} 26.
Nd8 {[%emt 00:00:02]} b6 {[%emt 00:00:03]} 27. Nc6 {[%emt 00:00:02]} a5 {[%emt
00:00:02]} 28. Kf2 {[%emt 00:00:05]} Nd6 {[%emt 00:00:01]} 29. a4 {[%emt
00:00:07]} Nb7 {[%emt 00:00:05]} 30. b4 {[%emt 00:00:02]} axb4 {[%emt
00:00:02]} 31. cxb4 Nd6 {[%emt 00:00:01]} 32. a5 {[%emt 00:00:03]} bxa5 {[%emt
00:00:10]} 33. bxa5 Nc8 {[%emt 00:00:04]} 34. a6 {[%emt 00:00:04]} Nb6 35. Ke3
{[%emt 00:00:02]} Ke6 {[%emt 00:00:01]} 36. Kd4 {[%emt 00:00:03]} Kd6 {[%emt
00:00:02]} 37. Nb4 {[%emt 00:00:01]} Kc6 {[%emt 00:00:11]} 38. a7+ {[%emt
00:00:02]} Kb7 {[%emt 00:00:07]} 39. Nxd5 {[%emt 00:00:02]} Kxa7 40. Nxb6
{[%emt 00:00:02]} Kxb6 {[%emt 00:00:01]} 41. Kd5 Kc7 {[%emt 00:00:02]} 42. Ke6
{[%emt 00:00:01]} Kd8 {[%emt 00:00:02]} 43. Kf7 {[%emt 00:00:01]} Kd7 44. Kg7
Ke6 45. Kxh7 {[%emt 00:00:02]} Kf5 46. g3 {[%emt 00:00:04]} g5 47. Kh6 {[%emt
00:00:02]} Kf6 {[%emt 00:00:02]} 48. f4 {[%emt 00:00:06]} gxf4 49. gxf4 Kf5
{[%emt 00:00:02]} 50. h4 {[%emt 00:00:03]} Kxf4 {[%emt 00:00:01]} 51. Kg6 Kg4
{[%emt 00:00:02]} 52. h5 1-0

[Event "Turniej Blitza na II Lidze Juniorów 2018"]
[Site "Szczyrk, Poland"]
[Date "2018.07.26"]
[Round "5.67"]
[White "Musial, Kamila"]
[Black "Grzybek, Mikolaj"]
[Result "0-1"]
[TimeControl "3'+2\""]
[WhiteElo "1045"]
[BlackElo "1243"]

1. e4 {[%clk 00:03:02]} {[%emt 00:00:02]} b6 {[%clk 00:03:03]} {[%emt
00:00:02]} 2. Nf3 {[%clk 00:03:02]} {[%emt 00:00:02]} Bb7 {[%clk 00:03:04]} 3.
Nc3 {[%clk 00:03:01]} {[%emt 00:00:03]} e6 {[%clk 00:03:05]} 4. d4 {[%clk
00:03:00]} {[%emt 00:00:02]} Nf6 {[%clk 00:03:06]} {[%emt 00:00:01]} 5. Bd3
{[%clk 00:02:58]} {[%emt 00:00:04]} Bb4 {[%clk 00:03:06]} {[%emt 00:00:02]} 6.
Bd2 {[%clk 00:02:59]} {[%emt 00:00:01]} d5 {[%clk 00:03:07]} {[%emt 00:00:02]}
7. e5 {[%clk 00:02:59]} {[%emt 00:00:02]} Nfd7 {[%clk 00:03:00]} {[%emt
00:00:08]} 8. O-O {[%clk 00:02:55]} {[%emt 00:00:06]} Be7 {[%clk 00:02:56]}
{[%emt 00:00:06]} 9. b3 {[%clk 00:02:51]} {[%emt 00:00:06]} O-O {[%clk
00:02:55]} {[%emt 00:00:03]} 10. Bf4 {[%clk 00:02:39]} {[%emt 00:00:15]} c5
{[%clk 00:02:55]} {[%emt 00:00:02]} 11. Nb5 {[%clk 00:02:26]} {[%emt 00:00:14]}
Ba6 {[%clk 00:02:44]} {[%emt 00:00:13]} 12. c4 {[%clk 00:02:21]} {[%emt
00:00:07]} Bxb5 {[%clk 00:02:40]} {[%emt 00:00:06]} 13. cxb5 {[%clk 00:02:21]}
{[%emt 00:00:01]} cxd4 {[%clk 00:02:39]} {[%emt 00:00:04]} 14. Nxd4 {[%clk
00:02:19]} {[%emt 00:00:04]} Bc5 {[%clk 00:02:38]} {[%emt 00:00:03]} 15. Nf3
{[%clk 00:02:08]} {[%emt 00:00:13]} Re8 {[%clk 00:02:21]} {[%emt 00:00:19]} 16.
Rc1 {[%clk 00:02:01]} {[%emt 00:00:10]} f6 {[%clk 00:02:07]} {[%emt 00:00:16]}
17. exf6 {[%clk 00:01:51]} {[%emt 00:00:11]} Nxf6 {[%clk 00:02:05]} {[%emt
00:00:05]} 18. Be5 {[%clk 00:01:40]} {[%emt 00:00:13]} Nbd7 {[%clk 00:02:05]}
{[%emt 00:00:01]} 19. Bb1 {[%clk 00:01:29]} {[%emt 00:00:13]} Ng4 {[%clk
00:01:40]} {[%emt 00:00:27]} 20. Qd3 {[%clk 00:01:03]} {[%emt 00:00:24]} Ndxe5
{[%clk 00:01:27]} {[%emt 00:00:19]} 21. Nxe5 {[%clk 00:01:02]} {[%emt
00:00:03]} Nxe5 {[%clk 00:01:28]} {[%emt 00:00:02]} 22. Qxh7+ {[%clk 00:01:01]}
{[%emt 00:00:02]} Kf7 {[%clk 00:01:28]} {[%emt 00:00:02]} 23. Rce1 {[%clk
00:00:56]} {[%emt 00:00:06]} Qf6 {[%clk 00:01:14]} {[%emt 00:00:18]} 24. Rxe5
{[%clk 00:00:37]} {[%emt 00:00:20]} Qxe5 {[%clk 00:01:03]} {[%emt 00:00:13]} 25.
Bg6+ {[%clk 00:00:38]} {[%emt 00:00:02]} Ke7 {[%clk 00:01:02]} {[%emt
00:00:01]} 26. Bxe8 {[%clk 00:00:34]} {[%emt 00:00:07]} Rxe8 {[%clk 00:01:03]}
{[%emt 00:00:02]} 27. Qh4+ {[%clk 00:00:33]} Qf6 {[%clk 00:01:03]} {[%emt
00:00:03]} 28. Qh5 {[%clk 00:00:27]} {[%emt 00:00:09]} Rf8 {[%clk 00:01:04]}
{[%emt 00:00:01]} 29. h3 {[%clk 00:00:12]} {[%emt 00:00:16]} Bxf2+ {[%clk
00:01:03]} {[%emt 00:00:03]} 30. Rxf2 {[%clk 00:00:10]} {[%emt 00:00:04]} Qxf2+
{[%clk 00:01:04]} {[%emt 00:00:02]} 31. Kh2 {[%clk 00:00:11]} Qf4+ {[%clk
00:01:04]} {[%emt 00:00:02]} 32. g3 {[%clk 00:00:05]} {[%emt 00:00:09]} Qf2+
{[%clk 00:01:05]} {[%emt 00:00:01]} 33. Kh1 {[%clk 00:00:05]} {[%emt 00:00:01]}
Qf1+ {[%clk 00:01:06]} 34. Kh2 {[%clk 00:00:06]} {[%emt 00:00:02]} Rf2# {[%clk
00:01:05]} {[%emt 00:00:02]} 0-1

[Event "Turniej Blitza na II Lidze Juniorów 2018"]
[Site "Szczyrk, Poland"]
[Date "2018.07.26"]
[Round "5.4"]
[White "Ciasnocha, Michal"]
[Black "Adamski, Jan"]
[Result "0-1"]
[TimeControl "3'+2\""]
[BlackTitle "IM"]
[WhiteElo "1396"]
[BlackElo "2160"]

1. d4 {[%clk 00:03:03]} {[%emt 00:01:41]} Nf6 {[%clk 00:03:03]} {[%emt
00:00:01]} 2. c4 {[%clk 00:03:04]} {[%emt 00:00:01]} e6 {[%clk 00:03:04]}
{[%emt 00:00:01]} 3. Nf3 {[%clk 00:03:05]} {[%emt 00:00:01]} Bb4+ {[%clk
00:03:04]} {[%emt 00:00:02]} 4. Nbd2 {[%clk 00:03:06]} O-O {[%emt 00:00:03]} 5.
a3 Be7 {[%clk 00:03:03]} {[%emt 00:00:02]} 6. e3 {[%clk 00:03:08]} {[%emt
00:00:02]} c5 {[%clk 00:03:03]} {[%emt 00:00:01]} 7. Be2 {[%clk 00:03:08]}
{[%emt 00:00:03]} b6 {[%clk 00:03:03]} {[%emt 00:00:02]} 8. O-O {[%clk
00:03:09]} {[%emt 00:00:01]} Bb7 {[%clk 00:03:03]} {[%emt 00:00:01]} 9. b3
{[%clk 00:03:06]} {[%emt 00:00:06]} cxd4 {[%clk 00:03:04]} {[%emt 00:00:01]} 10.
exd4 {[%clk 00:03:07]} {[%emt 00:00:02]} d5 {[%clk 00:03:03]} {[%emt 00:00:02]}
11. Bb2 {[%clk 00:03:07]} {[%emt 00:00:02]} Ne4 {[%clk 00:02:58]} {[%emt
00:00:08]} 12. Ne5 {[%clk 00:03:04]} {[%emt 00:00:04]} Nxd2 {[%clk 00:02:52]}
{[%emt 00:00:08]} 13. Qxd2 {[%clk 00:03:04]} {[%emt 00:00:02]} dxc4 {[%clk
00:02:52]} {[%emt 00:00:02]} 14. bxc4 {[%clk 00:03:03]} {[%emt 00:00:02]} Nc6
{[%clk 00:02:20]} {[%emt 00:00:35]} 15. Nf3 {[%clk 00:02:22]} {[%emt 00:00:43]}
Na5 {[%clk 00:02:13]} {[%emt 00:00:08]} 16. Qf4 {[%clk 00:02:12]} {[%emt
00:00:12]} Rc8 {[%clk 00:02:04]} {[%emt 00:00:11]} 17. Ne5 {[%clk 00:02:07]}
{[%emt 00:00:08]} f6 {[%clk 00:01:56]} {[%emt 00:00:10]} 18. Ng4 {[%clk
00:01:46]} {[%emt 00:00:23]} Nxc4 {[%clk 00:01:50]} {[%emt 00:00:08]} 19. Bxc4
{[%clk 00:01:26]} {[%emt 00:00:21]} Rxc4 {[%clk 00:01:51]} {[%emt 00:00:02]} 20.
Rac1 {[%clk 00:01:16]} {[%emt 00:00:12]} Bd5 {[%clk 00:01:38]} {[%emt
00:00:14]} 21. Ne3 {[%clk 00:01:14]} {[%emt 00:00:04]} Rc8 {[%clk 00:01:29]}
{[%emt 00:00:12]} 22. Rfe1 {[%clk 00:01:05]} {[%emt 00:00:11]} Bd6 {[%clk
00:01:21]} {[%emt 00:00:09]} 23. Rxc8 {[%clk 00:01:04]} {[%emt 00:00:03]} Bxf4
{[%clk 00:01:19]} {[%emt 00:00:04]} 24. Rxd8 {[%clk 00:01:01]} {[%emt
00:00:05]} Rxd8 {[%clk 00:01:19]} {[%emt 00:00:01]} 25. g3 {[%clk 00:00:53]}
{[%emt 00:00:11]} Bd6 {[%clk 00:01:18]} {[%emt 00:00:02]} 26. Rc1 {[%clk
00:00:49]} {[%emt 00:00:06]} Kf7 {[%clk 00:01:17]} {[%emt 00:00:04]} 27. h4
{[%clk 00:00:43]} {[%emt 00:00:08]} h5 {[%clk 00:01:17]} {[%emt 00:00:02]} 28.
Nc4 {[%clk 00:00:31]} {[%emt 00:00:14]} Bb8 {[%clk 00:01:08]} {[%emt 00:00:11]}
29. a4 {[%clk 00:00:25]} {[%emt 00:00:08]} Ke7 {[%clk 00:01:01]} {[%emt
00:00:09]} 30. Ba3+ {[%clk 00:00:25]} {[%emt 00:00:03]} Kd7 {[%clk 00:01:00]}
{[%emt 00:00:04]} 31. Ne3 {[%clk 00:00:22]} {[%emt 00:00:04]} Rc8 {[%clk
00:00:57]} {[%emt 00:00:04]} 32. Rxc8 {[%clk 00:00:08]} {[%emt 00:00:16]} Kxc8
{[%clk 00:00:58]} {[%emt 00:00:01]} 33. Bf8 {[%clk 00:00:06]} {[%emt 00:00:04]}
g6 {[%clk 00:00:56]} {[%emt 00:00:03]} 34. Bg7 {[%clk 00:00:05]} {[%emt
00:00:04]} f5 {[%clk 00:00:57]} {[%emt 00:00:01]} 35. Kf1 {[%clk 00:00:03]}
{[%emt 00:00:04]} Kd7 {[%clk 00:00:46]} {[%emt 00:00:13]} 36. Nc2 {[%clk
00:00:03]} {[%emt 00:00:02]} Bd6 {[%clk 00:00:46]} {[%emt 00:00:02]} 37. Ke2
{[%clk 00:00:04]} {[%emt 00:00:02]} Kc6 {[%clk 00:00:46]} {[%emt 00:00:03]} 38.
Kd3 {[%clk 00:00:05]} b5 {[%clk 00:00:46]} 39. axb5+ Kxb5 {[%clk 00:00:47]} 40.
Kc3 {[%clk 00:00:05]} {[%emt 00:00:01]} a5 {[%clk 00:00:47]} {[%emt 00:00:02]}
41. Ne3 {[%clk 00:00:06]} {[%emt 00:00:01]} a4 {[%clk 00:00:45]} {[%emt
00:00:04]} 42. Nd1 {[%clk 00:00:04]} {[%emt 00:00:04]} Bb4+ {[%clk 00:00:43]}
{[%emt 00:00:05]} 43. Kb2 {[%clk 00:00:04]} {[%emt 00:00:01]} a3+ {[%clk
00:00:43]} {[%emt 00:00:02]} 44. Ka1 {[%clk 00:00:05]} {[%emt 00:00:02]} Kc4
{[%clk 00:00:43]} {[%emt 00:00:02]} 45. Be5 {[%clk 00:00:05]} {[%emt 00:00:02]}
Kd3 {[%clk 00:00:43]} {[%emt 00:00:02]} 46. Bf6 {[%clk 00:00:03]} {[%emt
00:00:04]} Be1 {[%clk 00:00:35]} {[%emt 00:00:09]} 47. Be7 {[%clk 00:00:00]}
{[%emt 00:00:04]} a2 {[%clk 00:00:35]} {[%emt 00:00:01]} 48. Nb2+ {[%clk
00:00:00]} {[%emt 00:00:02]} Ke2 {[%clk 00:00:35]} {[%emt 00:00:04]} 0-1